The use R2 to determine the apropiate transformation of regression variables (Registro nro. 26057)

Detalles MARC
000 -LEADER
fixed length control field 00395 a2200121 4500
001 - CONTROL NUMBER
control field ART_12053
005 - DATE AND TIME OF LATEST TRANSACTION
control field 20260410161902.0
008 - FIXED-LENGTH DATA ELEMENTS--GENERAL INFORMATION
fixed length control field 260409a
100 1# - MAIN ENTRY--PERSONAL NAME
Personal name Newbold, Paul
245 10 - TITLE STATEMENT
Title The use R2 to determine the apropiate transformation of regression variables
700 1# - ADDED ENTRY--PERSONAL NAME
Personal name Granger, C. W. J.
773 0# - HOST ITEM ENTRY
Title Journal of econometrics
Related parts - Vol. 4, Nº 3 (ago. 1976)
Record control number REV11720

No hay ítems disponibles.